| 000 | 01023nam a22002651u 4500 | ||
|---|---|---|---|
| 001 | 12277 | ||
| 003 | HDC | ||
| 007 | cr bn --- | ||
| 008 | 210209p2003 my eng | ||
| 040 | _aHDC | ||
| 100 |
_aNoor Azizah Ahmad, _eauthor _912795 |
||
| 245 | 0 |
_aPackaging and shelf life of high fibre high protein coconut-oat snack / _cby Noor Azizah Ahmad, Hasimah Hafiz Ahmad, Razali Mustaffa, Rafiah Hasanah Mohd. Yusof and Mohd. Zuki Ariffin |
|
| 260 |
_aSerdang : _bMalaysian Agricultural Research and Development Institute (MARDI), _c2003 |
||
| 300 | _a2 pages | ||
| 336 |
_atext _2rdacontent |
||
| 337 |
_acomputer _2rdamedia |
||
| 338 |
_aonline resource _2rdacarrier |
||
| 650 |
_aCoconut-oat snack _912796 |
||
| 650 |
_aPackaging _912797 |
||
| 650 |
_aShelf life _912622 |
||
| 856 | _zRequest full-text at [email protected] | ||
| 942 | _2lcc | ||
| 942 | _cAR | ||
| 942 | _kJART 003068 | ||
| 999 |
_c9600 _d9600 |
||